000 00648nam a2200241Ia 4500
003 OSt
005 20221007072104.0
006 a|||||r|||| 00| 0
007 ta
008 221006b |||||||| |||| 00| 0 eng d
024 _a1,741
037 _cReference Collections
040 _aFLL
_cFLL
_beng
041 _2eng
_aeng
082 _aZ2,9298, M2
100 _aWade H. W. R.
245 0 _aAdministrative law
250 _a5th
260 _aLondon
_bOxford University Press UK
_c1982
650 _aAdministrative law
_9681514
942 _hZ2,9298, M2
_cREF
_2CC
999 _c1145166
_d1145166